| 000 | 00475pab a2200169 454500 | ||
|---|---|---|---|
| 008 | 180718b2007 xxu||||| |||| 00| 0 eng d | ||
| 100 | _aKhan, Mohammad Mohabbat | ||
| 245 | _aState of urban governance in Bangladesh: politics, service delivery and prescriptions for reform | ||
| 260 | _c2007 | ||
| 300 | _ap.1-6. | ||
| 362 | _aJan-Mar | ||
| 650 | _aUrban development - Bangladesh | ||
| 650 | _aUrban development | ||
| 773 | _aNagarlokl | ||
| 908 | _aN | ||
| 909 | _a74865 | ||
| 999 |
_c74865 _d74865 |
||